Barney's favorite Mother Goose rhymes / (Record no. 3817)

MARC details
000 -LEADER
fixed length control field 01165cam a2200385 a 4500
001 - CONTROL NUMBER
control field 3817
003 - CONTROL NUMBER IDENTIFIER
control field FISKH
005 - DATE AND TIME OF LATEST TRANSACTION
control field 20250723114229.0
008 - FIXED-LENGTH DATA ELEMENTS--GENERAL INFORMATION
fixed length control field 930401s1993 txua j 000 0 eng
010 ## - LIBRARY OF CONGRESS CONTROL NUMBER
LC control number 92076136
020 ## - INTERNATIONAL STANDARD BOOK NUMBER
International Standard Book Number 0782903363 (v. 1)
020 ## - INTERNATIONAL STANDARD BOOK NUMBER
International Standard Book Number 045986995711
020 ## - INTERNATIONAL STANDARD BOOK NUMBER
International Standard Book Number 045986995551
040 ## - CATALOGING SOURCE
Original cataloging agency DLC
Transcribing agency DLC
Modifying agency DLC
Language of cataloging eng
042 ## - AUTHENTICATION CODE
Authentication code lcac
050 ## - LIBRARY OF CONGRESS CALL NUMBER
Classification number PZ8.W5879
082 ## - DEWEY DECIMAL CLASSIFICATION NUMBER
Classification number 398.8
100 1# - MAIN ENTRY--PERSONAL NAME
Personal name White, Stephen,
Dates associated with a name 1952-
245 10 - TITLE STATEMENT
Title Barney's favorite Mother Goose rhymes /
Statement of responsibility, etc. written by Stephen White ; illustrated by Mary Grace Eubank.
260 ## - PUBLICATION, DISTRIBUTION, ETC.
Place of publication, distribution, etc. Texas :
Name of publisher, distributor, etc. Barney Publishing,
Date of publication, distribution, etc. 1993.
300 ## - PHYSICAL DESCRIPTION
Extent 36 unnumbered pages :
Other physical details color illustrations ;
Dimensions 29 cm
505 ## - FORMATTED CONTENTS NOTE
Formatted contents note G
520 ## - SUMMARY, ETC.
Summary, etc. Includes original and contemporary nursery rhymes.
521 8# - TARGET AUDIENCE NOTE
Target audience note 370<br/>
Source Lexile estimate <br/>
521 8# - TARGET AUDIENCE NOTE
Target audience note G<br/>
Source Raz-Plus<br/>
630 00 - SUBJECT ADDED ENTRY--UNIFORM TITLE
Uniform title Mother Goose
Form subdivision Adaptations.
650 #0 - SUBJECT ADDED ENTRY--TOPICAL TERM
Topical term or geographic name entry element Nursery rhymes.
650 #0 - SUBJECT ADDED ENTRY--TOPICAL TERM
Topical term or geographic name entry element Children's poetry.
650 #1 - SUBJECT ADDED ENTRY--TOPICAL TERM
Topical term or geographic name entry element Nursery rhymes.
650 #1 - SUBJECT ADDED ENTRY--TOPICAL TERM
Topical term or geographic name entry element American poetry.
700 1# - ADDED ENTRY--PERSONAL NAME
Personal name Eubanks, Mary Grace,
Relator term illustrator
906 ## - LOCAL DATA ELEMENT F, LDF (RLIN)
a 7
b cbc
c orignew
d 2
e opcn
f 19
g y-gencatlg
942 ## - ADDED ENTRY ELEMENTS (KOHA)
Source of classification or shelving scheme Dewey Decimal Classification
Koha item type Books
Suppress in OPAC No
Holdings
Withdrawn status Lost status Source of classification or shelving scheme Damaged status Not for loan Collection Home library Current library Shelving location Date acquired Total Checkouts Full call number Barcode Date last seen Copy number Price effective from Koha item type Date last checked out
    Dewey Decimal Classification     Juvenile Fiction Footprints International School Library Network Toul Kork Campus Footprints International School Library Network Toul Kork Campus TK Primary Library Room(4th Floor), Bookcase 7, Shelves 57-60, Dark Green Books 05/15/2024   WHI 398.8 PZ8.W5879 FISBT00081 05/15/2024 1 05/15/2024 Books  
    Dewey Decimal Classification     Juvenile Fiction Footprints International School Library Network Toul Kork Campus Footprints International School Library Network Toul Kork Campus TK Primary Library Room(4th Floor), Bookcase 7, Shelves 57-60, Dark Green Books 05/15/2024 1 WHI 398.8 PZ8.W5879 FISBK07167 06/06/2025 2 05/15/2024 Books 04/08/2025
    Dewey Decimal Classification     Juvenile Fiction Footprints International School Library Network Toul Kork Campus Footprints International School Library Network Toul Kork Campus TK Primary Library Room(4th Floor), Bookcase 7, Shelves 57-60, Dark Green Books 07/23/2025   WHI 398.8 PZ8.W5879 FISBK00487 07/23/2025 3 07/23/2025 Books